Soccer (Warming up and Warming Down) (Record no. 11349)
[ view plain ]
| 000 -LEADER | |
|---|---|
| fixed length control field | 00268nam a22000977a 4500 |
| 008 - FIXED-LENGTH DATA ELEMENTS--GENERAL INFORMATION | |
| fixed length control field | 190313b ||||| |||| 00| 0 eng d |
| 020 ## - INTERNATIONAL STANDARD BOOK NUMBER | |
| International Standard Book Number | 9781841261355 |
| 100 ## - MAIN ENTRY--PERSONAL NAME | |
| Personal name | Bischops |
| 9 (RLIN) | 7089 |
| 245 ## - TITLE STATEMENT | |
| Title | Soccer (Warming up and Warming Down) |
| 260 ## - PUBLICATION, DISTRIBUTION, ETC. (IMPRINT) | |
| Place of publication, distribution, etc. | UK |
| Name of publisher, distributor, etc. | Meyer & Meyer Sport |
| Date of publication, distribution, etc. | 2000 |
| Withdrawn status | Lost status | Source of classification or shelving scheme | Damaged status | Koha normalized classification for sorting | Not for loan | Home library | Current library | Shelving location | Date acquired | Total Checkouts | Full call number | Barcode | Date last seen | Price effective from | Koha item type |
|---|---|---|---|---|---|---|---|---|---|---|---|---|---|---|---|
| Dewey Decimal Classification | 796_000000000000000_C9 | Not For Loan | Good Samaritan School Library | Good Samaritan School Library | Sports & Games | 03/13/2019 | 796 C-9 | BIS15229 | 03/13/2019 | 03/13/2019 | BOOK |